000 00697nam a22002537a 4500
001 65676
003 UA-OsUOA
005 20200624154339.0
007 ta
008 20091203b un ||||| |||| 00| 0 ukr d
020 _a9668547705
040 _aUA-OsUOA
_bukr
_cUA-OsUOA
_dUA-OsUOA
041 _aukr
080 _a821.161.2-1
090 _a821.161.2-1
_bМ89
100 _aМудрак О.
245 _aОголена самотність
260 _aК.
_bПросвіта
_c2006
300 _a96 с.
650 7 _a82 Література. Літературознавство
_2UDC
942 _cBK
_2udc
955 _a2
999 _c351762
_d351762